| 000 | 00361nam a2200121Ia 4500 | ||
|---|---|---|---|
| 008 | 150223s9999 xx 000 0 und d | ||
| 020 | _a0886879299 | ||
| 050 |
_aAG 5 _b.W64 2005 |
||
| 245 | 4 | _aThe World almanac for kids 2005 / | |
| 260 |
_aUSA : _bSt. Martin's Press, _c2004 |
||
| 300 |
_a336 pages : _bColored, Illustration ; _c23 cm. |
||
| 504 | _aIncludes Index. | ||
| 999 |
_c283328 _d283328 |
||